000
00321nam a22001457a 4500
003
SGT
020
_a
9788123901367
082
_a
671.53 SHA
100
_a
SHAW,MILTEN.C
245
_a
METAL CUTTING PRINCIPLES
260
_a
NEW DELHI
_b
CBS PUBLISHERS
_c
2003
300
_a
594
650
_a
MECHANICAL
942
_2
ddc
_c
BK
999
_c
18287
_d
18287